แสดงรายละเอียดบรรณานุกรม
  กลับหน้าหลัก

Brief Record : Get Marc (ISO 2709) : E-mail record : QR code ปิดหน้าต่าง
E-books : เกี่ยวกับ Collections
LEADER 00000nam 2200000uu 4500
001    214428
003     ULIBM
008    020711s2568 th a 000 0 tha d
020    ^a9789746924535
041    ^atha^beng
060  4 ^aWY152 ร333อ 2568
100    ^aรัชนี ผิวผ่อง.
245    ^aเอกสารประกอบการสอนรายวิชา การพยาบาลผู้ใหญ่ 1 =^bAdult nursing 1/^cรัชนี ผิวผ่อง.
260    ^aบุรีรัมย์ :^bคณะพยาบาลศาสตร์ มหาวิทยาลัยราชภัฎบุรีรัมย์,^c2568
300    ^aก-ฉ,309 หน้า :^bภาพประกอบ ;^c30 ซม.
650  4 ^aการพยาบาล
710 2  ^aมหาวิทยาลัยราชภัฎบุรีรัมย์.^bคณะพยาบาลศาสตร์
856    ^zการพยาบาลผู้ใหญ่ 1.pdf (สารบัญหนังสือ)^uhttp://43.133.101.113/ULIB62015//_fulltext/5/214428/20250903092127_2592.pdf
999    ^aใช้งานได้ทุกระบบ
รายการนี้ยังไม่มีแท็ก
คุณยังไม่ได้ล็อกอิน คุณสามารถมีกิจกรรมร่วมกับเว็บไซต์ได้ แต่ต้องล็อกอินก่อน ::
  ล็อกอิน
ลำดับที่ ประเภท เลขเรียก สถานที่ สถานะ
1. การพยาบาล (ตำราหลัก)
การพยาบาล (ตำราหลัก)
WY152 ร333อ 2568 ฉ.1 
  
การพยาบาลผู้ใหญ่ On Shelf
  ขอยืม
Note:จัดซื้อปีงบประมาณ 2568
   [แสดง 1/1 รายการ]

รายการใกล้เคียง
    หัวเรื่อง [การพยาบาล]

BibComment


ยังไม่เคยถูกคอมเมนท์

คอมเมนท์ทรัพยากรรายการนี้
  คอมเมนท์: เอกสารประกอบการส..
Bib 214428

 
 
 

 Union Library Management : ULibM
Copyright 2026. All Rights Reserved.
скачать бесплатно без регистрации порно красивый секс HD Sex Hindi sex

xxx gou

xxxx

bfxxx

xxxwww

Секса Видео

xxxx

Секса Видео

detube

geilexxx

C99 Shell

worms shell

blod xxx video
Ebony Coed Rihanna Rimes Takes A Dick In Her Young Twat priyaa indian fuck anal and pusssy hardcore indian women xxx desi hardcore fucking part 1 bengalixxxcouple